Представление документа в формате RUSMARC

ПолеНазваниеЗначение
  Тип записи a
  Библиографический уровень m
001 Контрольный номер Book/9213
005 Дата корректировки 20240209174431.9
010 Индекс ISBN __
a ISBN 5-7905-3622-0
b Уточнения в пер.
d Цена 10 р. 44 к.
9 Тираж 5 000 экз.
090 Данные записи __
a Состояние записи 38.639
b Тип записи Книги
c Язык записи Русский
d Отрасль знаний (КСУ) Другая
e Секретность Несекретно
g Вид записи Монография (однотомник)
x Дата передачи записи для обработки О-81
100 Данные общей обработки __
a Данные общей обработки 20110425d2013 u u 1rusy ||||ca
101 Язык документа 0_
a Язык текста rus
105 Кодированные данные (монография) __
a Кодированные данные (монография) a z 000yy
181 Поле кодированных данных: вид содержания _1
a Код вида содержания (ISBD) i#
b Код характеристики содержания (ISBD) #xxe##
d i
g x
h x
i e
182 Поле кодированных данных: тип средства _1
a Код типа средства (ISBD) n
2 Код системы (источник кода, отличный от ISBD) isbdmedia
200 Заглавие и сведения об ответственности 1_
a Заглавие Отделочные работы
b Общее обозначение материала Текст
e Сведения, относящиеся к заглавию современная отделка квартиры и дома от А до Я
e Сведения, относящиеся к заглавию 1000 советов и практических рекомендаций
g Последующие сведения об ответственности сост. М. Э. Витвицкая
w Текст (визуальный) : непосредственный
203 Вид содержания и тип средства __
a Вид содержания Текст
b Характеристика содержания визуальный
c Тип средства непосредственный
210 Выходные данные 1_
a Место издания Москва
c Издательство Лада
c Издательство РИПОЛ КЛАССИК
d Дата издания 2005
215 Физическое описание __
a Объем 381 с.
c Иллюстрации/тип воспроизводства ил.
d Формат 20,5 см.
225 Серия 1_
a Серия Ваш дом
225 Серия 2_
a Серия На все случаи
333 Примечание о целевом назначении __
a Примечание о целевом назначении 12+
606 Тематические рубрики 0_
a Основная рубрика Отделочные работы
610 Ключевые слова 0_
a Ключевые слова ремонт квартиры
a Ключевые слова работы отделочные
a Ключевые слова штукатурка
a Ключевые слова покраска
a Ключевые слова оклейка обоями
a Ключевые слова потолочные покрытия
a Ключевые слова советы
686 Индексы других классификаций __
a Классификационный индекс 38.639
2 Код системы rubbk
702 Вторичная интеллектуальная ответственность _1
a Фамилия Витвицкая
b Имя (инициалы) М. Э.
801 Источник записи _0
a Страна RU
b Организация МБУК ЦБС г. Ульяновска
c Дата составления 20110426
801 Источник записи _1
a Страна RU
b Организация МБУК ЦБС г. Ульяновска
c Дата составления 20110426
899 Данные о местонахождении __
3 Книга № 18342
a Местонахождение 23 ф
i Авторский знак О-81
j Расстановочный фильтр 38.639
d Название фонда Инв.книга №1
q Состояние Свободно
x Инвентарный номер 145763
900 Электронные ресурсы __
a Имя электронного ресурса современная отделка
910 Корректоры записи __
a Корректор записи Мазина